000 00423nam a22001457a 4500
020 _qPB.
040 _cFizza Ishaq
082 _a378.17
_bBIS
100 _aBishop, Joyce.
_9134044
245 _aKeys to Effective Learning: Study Skills and Habits for Success /
_cJoyce Bishop.
250 _a5th Custom Edition.
260 _aNew York :
_bPearson,
_c2011.
300 _a378 p, ;
_c0.7 x 8.5 x 10.8 inches
942 _2ddc
_cBK
999 _c616971
_d616971